Zbuduj ptaka, zgadując państwa - Statystyki

Ogólne statystyki
  • Ten quiz został rozwiązany 3 615 razy
  • Średni wynik to 15 z 24
Odpowiedzi na mapie
Odpowiedzi zakodowano w zielono-czerwonej skali na mapie do tego quizu, zgodnie z poniższymi procentami.
 
Statystyki odpowiedzi
# Odpowiedź % Poprawnych
1816 Brazylia
94%
1285 Chiny
88%
1001 Argentyna
85%
1863 Kolumbia
82%
1210 Indie
81%
1100 Meksyk
79%
1861 Peru
79%
1722 Indonezja
75%
1387 Wenezuela
75%
1110 Demokratyczna Republika Konga
71%
1435 Boliwia
70%
1622 Ekwador
67%
Papuga długoogonowa
63%
936 Tajlandia
58%
1058 Kenia
57%
Koliber
51%
1073 Tanzania
51%
884 Panama
50%
920 Angola
38%
998 Uganda
37%
1034 Mjanma
36%
888 Kamerun
33%
914 Sudan
31%
Maskonur
22%
Nie znaleziono quizów pasujących do podanych kryteriów
Rozkład punktacji
Procent ludzi z każdym wynikiem
Percentyl według liczby udzielonych odpowiedzi
Twoja historia wyników
Nie rozwiązałeś tego quizu